Responses for Show #8536 - Monday, December 20, 2021

Amy Schneider game 14.
Ken Jennings hosts.

Contestants

[<< previous game]

Do Park, a sportswriter from Minneapolis, Minnesota

Erin Creed, a middle school teacher from Williams Bay, Wisconsin

Amy Schneider, an engineering manager from Oakland, California (whose 13-day cash winnings total $536,400)

[next game >>]

Jeopardy! Round responses

ANGELS WE HAVE HEARD ON HIGH
SILVER & GOLD
JOY TO THE WORLD
O HOLY KNIGHT
WE 5 "KING"s
A DIFFERENT LOOK AT CHRISTMAS SONGS
    $200 25
the harp

Amy
    $200 30
clouds

Amy
    $200 6
tomatoes

Amy
    $200 11
Columbus

Do
    $200 20
Old King Cole

Amy
    $200 1
Rudolph

Amy
    $400 26
the Quran

Do
    $400 15
pyrite

Do
    $400 7
the Bastille

Erin
    $400 21
Francis

Do
    $400 19
"King of the world"

Do
    $400 2
Frosty the Snowman

Amy
    $600 27
(Erin: Who is Dante?)

Milton

AmyErin
    $600 14
bullion

Erin
    $600 8
Venice

Erin
    $600 22
chivalry

Amy
    $600 18
a kingfisher

Do
    $600 3
(John) Denver

Amy
    $800 28
(Ken: Yes, speaking to Mary.)

Gabriel

Amy
    $800 13
malleability

Do
    $1,000 9
(Erin: What is the Christkindlmarket?)

Oktoberfest

Erin
    $800 23
the Knights Templar

Amy
    $800 17
a king's ransom

Amy
    $800 4
my two front teeth

Amy
    $1000 29
Angels in America

Erin
    $1000 12
oxidation

Erin
    $1000 10
Krishna

Triple Stumper
    $1000 24
Pythias

Amy
    $1000 16
the Valley of the Kings

Amy
    $1000 5
(Ken: Yeah, she got run over by a reindeer and you just ran over that category.)
[Applause]

Grandma

Amy

Scores at the first commercial break (after clue 15):

Amy Erin Do
$3,200 $1,600 $1,400

Scores at the end of the Jeopardy! Round:

Amy Erin Do
$9,400 $2,000 $3,200

Double Jeopardy! Round responses

SKIING AROUND THE WORLD
THE HEROINE'S AUTHOR
SALE OF THE CENTURY
THE ELECTORAL COLLEGE
7-LETTER WORDS
"B" MOVIES
(Ken: Not "B" as in low budget. They all begin with the letter B.)
    $400 22
Australia

Do
    $400 1
Collins

Erin
    $400 23
the Louisiana Purchase

Do
    $400 30
the House of Representatives

Do
    $400 6
plywood

Amy
    $400 13
Blade Runner

Amy
    $800 16
(Erin: What is Switzerland?)

Austria

AmyErin
    $800 2
(Thomas) Harris

Amy
    $800 24
Manhattan

Erin
    $800 28
a slate

Amy
    $800 7
sangria

Amy
    $800 14
Barbershop

Amy
    $1200 5
the Atlas Mountains

Amy
    $1200 3
(Ken: From My Antonia, very good.)

Willa Cather

Do
    $1200 25
(Ken: Yes, not one of the sports you don't watch.)
(Do: Right.)
[Laughter]

the Clippers

Do
    $1200 19
(Rutherford B.) Hayes

Do
    $1200 8
a schmear

Erin
    $1200 15
(Amy: What is Bad Teachers?)

Bad Teacher

AmyDo
    $1600 20
Hokkaido

Amy
    $1600 11
Sara Paretsky

Triple Stumper
    $1600 26
(Ken: That's correct, the other sport you watch!)
(Do: There we go.)
[Laughter]

Wrigley

Do
    $4,400 4
Reagan & Nixon

Do
    $1600 9
(Amy: What's an oxymoron?)

a paradox

Amy
Triple Stumper
    $1600 17
The Blind Side

Amy
    $4,000 21
(Ken: Between France and Spain, that's correct.)

Andorra

Amy
    $2000 12
Jean Auel

Triple Stumper
    $2000 27
the Pitti Palace

Amy
    $2000 29
(Amy: Who is Wallace?)

(Strom) Thurmond

AmyDo
    $2000 10
Mallard

Amy
    $2000 18
Bombshell

Amy

Scores at the end of the Double Jeopardy! Round:

Amy Erin Do
$23,800 $3,600 $17,200

[wagering suggestions for these scores]

Final Jeopardy! Round responses

FICTIONAL CHARACTERS
(Ken: [To Erin] She first appeared with Superman in the same 1938 issue of Action Comics.)
ErinWho is Lois Lane?
$3,600
DoWho is Ms. Mrs. Marpole?
$3,999
AmyWho is Lois Lane?
$11,000
Lois Lane

Final scores:

Amy Erin Do
$34,800 $7,200 $13,201
14-day champion: $571,200 3rd place: $1,000 2nd place: $2,000

Game dynamics:

Coryat scores:

Amy Erin Do
$21,800 $4,600 $14,400
30 R
(including 1 DD),
3 W
8 R,
3 W
(including 1 DD)
17 R
(including 1 DD),
0 W

Combined Coryat: $40,800

[game clues] [game scores] [suggest correction]

Game tape date: 2021-10-11
The J! Archive is created by fans, for fans. Scraping, republication, monetization, and malicious use prohibited; this site may use cookies and collect identifying information. See terms. The Jeopardy! game show and all elements thereof, including but not limited to copyright and trademark thereto, are the property of Jeopardy Productions, Inc. and are protected under law. This website is not affiliated with, sponsored by, or operated by Jeopardy Productions, Inc. Join the discussion at JBoard.tv.